书目信息 |
| 题名: |
Linux基础教程
|
|
| 作者: | 黄丽娜 , 陈忠盟 , 陈彩可 编著 | |
| 分册: | ||
| 出版信息: | 北京 清华大学出版社 2012.06 |
|
| 页数: | 367页 | |
| 开本: | 26cm | |
| 丛书名: | ||
| 单 册: | ||
| 中图分类: | TP316.81 | |
| 科图分类: | ||
| 主题词: | Linux操作系统--Linuxcao zuo xi tong--高等学校--教材 | |
| 电子资源: | ||
| ISBN: | 978-7-302-28872-5 | |
| 000 | 00896nam0 2200277 450 | |
| 001 | 2059012421 | |
| 005 | 20201125164546.30 | |
| 010 | @a978-7-302-28872-5@dCNY59.00 | |
| 100 | @a20120815e20202012em y0chiy50 ea | |
| 101 | 0 | @achi |
| 102 | @aCN@b110000 | |
| 105 | @ay z 000yy | |
| 106 | @ar | |
| 200 | 1 | @aLinux基础教程@9Linux ji chu jiao cheng@f黄丽娜, 陈忠盟, 陈彩可编著 |
| 205 | @a3版 | |
| 210 | @a北京@c清华大学出版社@d2012.06@h2020.08 | |
| 215 | @a367页@d26cm | |
| 300 | @a高等学校计算机应用规划教材 | |
| 330 | @a本书以RedLinux9.0为蓝本,详细介绍了Linux操作系统的基础知识及相关应用。 | |
| 606 | 0 | @aLinux操作系统@9Linuxcao zuo xi tong@x高等学校@j教材 |
| 690 | @aTP316.81@v5 | |
| 701 | 0 | @a黄丽娜@9huang li na@4编著 |
| 701 | 0 | @a陈忠盟@9chen zhong meng@4编著 |
| 701 | 0 | @a陈彩可@9chen cai ke@4编著 |
| 801 | 0 | @aCN@bBJSZM@c20201125 |
| 905 | @b1246634-5@dTP316.81@e1048=3@f2 | |
| Linux基础教程/黄丽娜, 陈忠盟, 陈彩可编著.-3版.-北京:清华大学出版社,2012.06(2020.08) |
| 367页;26cm |
| 高等学校计算机应用规划教材 |
| ISBN 978-7-302-28872-5:CNY59.00 |
| 本书以RedLinux9.0为蓝本,详细介绍了Linux操作系统的基础知识及相关应用。 |
| ● |
| 相关链接 |
|
|
|
|
正题名:Linux基础教程
索取号:TP316.81/1048=3
 
预约/预借
| 序号 | 登录号 | 条形码 | 馆藏地/架位号 | 状态 | 备注 |
| 1 | 1246634 | 212466348 | 第二样本阅览室/ [索取号:TP316.81/1048=3] | 在馆 | |
| 2 | 1246635 | 212466357 | 第三借阅区/ [索取号:TP316.81/1048=3] | 在馆 |